000 004270000a22001570004500
041 0 _aSPA
082 0 4 _aG 813.5 J272e
100 1 _aJames, Henry
245 1 0 _aLos europeos / Henry James ; José Luis López Muñoz, Traductor
260 _aBogotá : Oveja Negra
300 _a181 Pag
440 0 _aColección Historia Universal de la Literatura
500 _aTítulo original : The europeans
001 13323
942 _cBK
999 _c42304
_d42304